Statistiche per Paesi più vicini al Burkina Faso dalle prime due lettere

Clicka qui per fare il quiz!

Statistiche generali

  • Questo quiz è stato fatto 73 volte
  • Il punteggio medio è 16 su 20

Statistiche sulle risposte

kmnazione% Corretto
1296Sahara occidentale
(Marocco)
98%
0Mali
97%
277Mauritania
97%
0Togo
90%
0Benin
87%
0Côte d'Ivoire
87%
940Gambia
87%
1237Ciad
83%
450Liberia
83%
0Niger
83%
129Nigeria
83%
0Ghana
80%
658Senegal
80%
613Algeria
78%
566Sierra Leone
75%
973Camerun
73%
267Guinea
73%
900Guinea-Bissau
73%
1124Guinea Equatoriale
73%
1235São Tomé
e Príncipe
45%

Distribuzione punteggi

Percentile per numero di risposta

Percentuale di utenti per punteggio

I tuoi punteggi nel tempo

Non hai fatto questo quiz